| 000 | 00326 a2200121 4500 | ||
|---|---|---|---|
| 001 | 71558 | ||
| 082 | _a531.1133 QUR | ||
| 090 |
_c38782 _d38782 |
||
| 100 | _aSh Aftab Ahmed, Naseer Qurashi | ||
| 245 |
_aWaves and Oscillations for BSc Students _hEnglish |
||
| 260 |
_aLahore _b1995 _cSh. Ghulam Ali |
||
| 300 | _aX 231p | ||
| 942 |
_aCAE NUST _cTXT _k531.1133 QUR |
||
| 999 |
_c306631 _d306631 |
||